[Event "MVP-ch Seniors op 12th"]
[Site "Binz"]
[Date "2012.12.05"]
[Round "8"]
[White "Voigt, Horst"]
[Black "Giering, Gregor"]
[Result "1-0"]
[WhiteElo "1397"]
[BlackElo "1561"]
[PlyCount "92"]
[EventDate "2012.11.28"]
[EventType "swiss"]
[EventRounds "9"]
[EventCountry "GER"]
[SourceTitle "EXT 2014"]
[Source "ChessBase"]
[SourceDate "2013.11.20"]
[SourceVersion "1"]
[SourceVersionDate "2013.11.20"]
[SourceQuality "1"]

1. e4 c5 2. Nf3 Nc6 3. d4 cxd4 4. Nxd4 Ne5 5. c4 Nf6 6. Nc3 e6 7. a3 Be7 8. Be2 0-0 9. 0-0 b6 10. Ndb5 d6 11. f4 Ng6 12. Nxd6 Qc7 13. e5 Bxd6 14. exd6 Qc5+ 15. Kh1 Bb7 16. b4 Qc8 17. Nb5 Rd8 18. Nc7 Rb8 19. c5 Nd5 20. Nxd5 Bxd5 21. Be3 Nh4 22. Bf3 Nf5 23. Bg1 Bc4 24. Rf2 Ne7 25. Rc1 b5 26. Rd2 Nd5 27. Rd4 a5 28. Rdxc4 bxc4 29. Rxc4 Qa6 30. Bxd5 exd5 31. Qxd5 axb4 32. axb4 Rb5 33. Qe4 Qc8 34. Rd4 Qe6 35. f5 Qxe4 36. Rxe4 Kf8 37. Bd4 f6 38. Bc3 Re8 39. Re6 Kf7 40. d7 Rxe6 41. d8N+ Ke7 42. Nxe6 g6 43. g4 Rb8 44. c6 Rb6 45. Nd4 Ra6 46. b5 Ra3 1-0